MIF poplatky za karetní transakce a meze soutežní regulace
Adaptácia tzv. MIF nariadení, ktorého hlavným cieľom je určiť maximálnu výšku poplatkov za kartové transakcie viacerých platobných schém. Súťažný prípad Visa a MasterCard.
Gespeichert in:
| 1. Verfasser: | |
|---|---|
| Format: | Buchkapitel |
| Sprache: | Tschechisch |
| Schlagworte: | |
| Tags: |
Keine Tags, Fügen Sie das erste Tag hinzu!
|
MARC
| LEADER | 00000naa a2200000 4500 | ||
|---|---|---|---|
| 001 | 0213582 | ||
| 005 | 20231128125312.9 | ||
| 041 | 0 | |a cze | |
| 044 | |a SK | ||
| 245 | 1 | 0 | |a MIF poplatky za karetní transakce a meze soutežní regulace |c Tomáš Kubeša |
| 520 | |a Adaptácia tzv. MIF nariadení, ktorého hlavným cieľom je určiť maximálnu výšku poplatkov za kartové transakcie viacerých platobných schém. Súťažný prípad Visa a MasterCard. | ||
| 610 | 2 | 0 | |a regulácia trhu |
| 610 | 2 | 0 | |a karty platobné |
| 610 | 2 | 0 | |a súťaž hospodárska |
| 100 | 1 | |a Kubeša, Tomáš | |